000
00311nam a2200109Ia 4500
008
171211s9999 xx 000 0 und d
245
_a
Krav Maga: Abwehr bewaffneter Angriffe
245
_c
Winibald Prechtl
260
_c
2003
650
_x
Martial Arts
856
_u
http://down.ebook777.com/054/9783878920748.pdf
999
_c
348243
_d
348243